00237nam a2200109Ia 4500100001500000654001400015245005300029260000900082082001700091300000700108546001200115 aKumar/S.J  anumerical aAdoption of numerical controls in machine toolsl bnone a621.902bKUM a44 aENGLISH